MARC

LEADER 00000nam0a2200000 4500
001 309714
005 20231102002222.0
020 |a RU  |b 82-16992 
035 |a (RuTPU)RU\TPU\book\335053 
090 |a 309714 
100 |a 20151117d1981 k y0rusy5003 ca 
101 0 |a rus 
102 |a RU 
105 |a a z 001zy 
200 1 |a Пластмассы в архитектуре  |f Д. П. Айрапетов, С. П. Заварихин, М. П. Макотинский 
210 |a Москва  |c Стройиздат  |d 1981 
215 |a 190 с.  |c ил. 
225 1 |a Материал в архитектуре 
320 |a Библиогр.: с. 186-189 
606 |a Пластмассы  |x Применение в строительстве  |2 stltpush  |3 (RuTPU)RU\TPU\subj\49132  |9 67943 
610 1 |a строительные материалы 
610 1 |a архитектура 
610 1 |a архитектурные формы 
675 |a 691.175  |v 3 
700 1 |a Айрапетов  |b Д. П.  |g Дмитрий Павлович 
701 1 |a Заварихин  |b С. П.  |g Светозар Павлович 
701 1 |a Макотинский  |b М. П.  |g Михаил Петрович 
801 0 |a RU  |b RuMRKP  |c 19950704  |g psbo 
801 1 |a RU  |b 63413507  |c 20151117 
801 2 |a RU  |b 63413507  |c 20180115  |g RCR 
942 |c BK